| 000 | 00850nam a22002295i 4500 | ||
|---|---|---|---|
| 001 | 164914 | ||
| 003 | ES-MaACL | ||
| 005 | 20250313063306.0 | ||
| 008 | 050905s1890 gw |||| | ger d | ||
| 040 |
_aCAM _bspa _cCAM |
||
| 100 | 1 |
_aSchiller, Friedrich, _d1759-1805 _9104361 |
|
| 245 | 1 | 4 |
_aDie Verschwörung des Fiesco zu Genua _b: ein republikanisches Trauerspiel / _cvon Fr. von Schiller. |
| 260 |
_aLeipzig : _bverlag von Philipp Reclam jun., _c[s.a.] |
||
| 300 |
_a109 p. ; _c15 cm. |
||
| 490 | 1 |
_aUniversal-Bibliothek ; _v51 |
|
| 596 | _aProbablemente impreso ca. 1890. | ||
| 700 | 1 |
_aReclam, Philipp, _eed. _9131649 |
|
| 752 |
_aAlemania - _dLeipzig |
||
| 830 | 0 |
_aUniversal-Bibliothek ; _v51 _9191906 |
|
| 852 |
_aES-MaACL _jFol-Laf-462 _q-- Rúst. _z-- Legado de Modesto de la Fuente |
||
| 999 |
_c164914 _d164914 |
||